Applied statistics for public administration (Record no. 525180)

MARC details
000 -LEADER
fixed length control field 00873nam a2200289Ia 4500
003 - CONTROL NUMBER IDENTIFIER
control field OSt
005 - DATE AND TIME OF LATEST TRANSACTION
control field 20220925193246.0
008 - FIXED-LENGTH DATA ELEMENTS--GENERAL INFORMATION
fixed length control field 220923b |||||||| |||| 00| 0 eng d
020 ## - INTERNATIONAL STANDARD BOOK NUMBER
International Standard Book Number 0534195903
037 ## - SOURCE OF ACQUISITION
Terms of availability General Book
040 ## - CATALOGING SOURCE
Original cataloging agency RTL
Transcribing agency RTL
Language of cataloging eng
041 ## - LANGUAGE CODE
Source of code eng
Language code of text/sound track or separate title eng
100 ## - MAIN ENTRY--PERSONAL NAME
Personal name Meier Kenneth J
9 (RLIN) 247899
245 #0 - TITLE STATEMENT
Title Applied statistics for public administration
250 ## - EDITION STATEMENT
Edition statement 3
260 ## - PUBLICATION, DISTRIBUTION, ETC.
Place of publication, distribution, etc. California
Name of publisher, distributor, etc. Wadsworth
Date of publication, distribution, etc. 1993
300 ## - PHYSICAL DESCRIPTION
Extent xxi, 452p
Dimensions cm.
490 ## - SERIES STATEMENT
Series statement Wadsworth Series in Public Administration
500 ## - GENERAL NOTE
General note Bibliography: P 429-31; Glossary: P 443-48
650 ## - SUBJECT ADDED ENTRY--TOPICAL TERM
Topical term or geographic name entry element Public Administration
9 (RLIN) 11039
700 ## - ADDED ENTRY--PERSONAL NAME
Personal name Brudney Jeffrey
9 (RLIN) 247900
942 ## - ADDED ENTRY ELEMENTS (KOHA)
Classification part W:28:(B28), N3
Koha item type General Books
Source of classification or shelving scheme Colon Classification (CC)

No items available.

Copyright @ Delhi University Library System